Little Tumbo / (رقم التسجيلة. 118125)

تفاصيل مارك
000 -LEADER
fixed length control field 00496nam a22001937a 4500
005 - DATE AND TIME OF LATEST TRANSACTION
control field 20251108174805.0
008 - FIXED-LENGTH DATA ELEMENTS--GENERAL INFORMATION
fixed length control field 250721s2003 xx 000 0 eng d
020 ## - INTERNATIONAL STANDARD BOOK NUMBER
International Standard Book Number 761451366
082 14 - DEWEY DECIMAL CLASSIFICATION NUMBER
Classification number J/F/SAL
100 1# - MAIN ENTRY--PERSONAL NAME
Personal name salerno, steven
245 10 - TITLE STATEMENT
Title Little Tumbo /
264 1# - PRODUCTION, PUBLICATION, DISTRIBUTION, MANUFACTURE, AND COPYRIGHT NOTICE
Place of production, publication, distribution, manufacture د.م :
Name of producer, publisher, distributor, manufacturer marshall cavendish,
Date of production, publication, distribution, manufacture, or copyright notice 2003.
300 ## - PHYSICAL DESCRIPTION
Extent [20 P]
650 17 - SUBJECT ADDED ENTRY--TOPICAL TERM
Topical term or geographic name as entry element FICTION
650 17 - SUBJECT ADDED ENTRY--TOPICAL TERM
Topical term or geographic name as entry element CHILDREN
653 ## - INDEX TERM--UNCONTROLLED
Uncontrolled term أطفال مرحلة متوسطة ( 6 - 9 سنوات )
942 ## - ADDED ENTRY ELEMENTS (KOHA)
Source of classification or shelving scheme Dewey Decimal Classification
Koha item type كتب
المقتنيات
حالة السحب حالة الفقدان مصدر التصنيف حالة التلف غير قابل للإعارة المكتبة الرئيسية المكتبة الحالية موقع الرف تاريخ التزويد الرقم المتسلسل Total Checkouts رقم الإستدعاء الباركود تاريخ آخر ظهور تاريخ الفاتورة نوع المادة (كوها)
    Dewey Decimal Classification     المكتبة المركزية المكتبة المركزية الأطفال 13/05/2014 1573192   J/F/SAL PLD00301105 28/07/2025 13/05/2014 كتب
    Dewey Decimal Classification     المكتبة المركزية المكتبة المركزية الأطفال 13/05/2014 1573193   J/F/SAL PLD00301106 28/07/2025 13/05/2014 كتب
    Dewey Decimal Classification     مكتبة البشائر للأطفال مكتبة البشائر للأطفال الأطفال 13/05/2014 1573196   J/F/SAL PLD00301109 28/07/2025 13/05/2014 كتب
    Dewey Decimal Classification     مكتبة أم المؤمنين للأطفال مكتبة أم المؤمنين للأطفال الأطفال 13/05/2014 1573198   J/F/SAL PLD00301111 28/07/2025 13/05/2014 كتب
    Dewey Decimal Classification     مكتبة الأميرة سلمى مكتبة الأميرة سلمى الأطفال 13/05/2014 1573195   J/F/SAL PLD00301108 28/07/2025 13/05/2014 كتب
    Dewey Decimal Classification     مكتبة الراية الهاشمية للأطفال مكتبة الراية الهاشمية للأطفال الأطفال 13/05/2014 1573194   J/F/SAL PLD00301107 28/07/2025 13/05/2014 كتب
    Dewey Decimal Classification     مكتبة النصر العامة مكتبة النصر العامة الأطفال 13/05/2014 1573203   J/F/SAL PLD00301116 28/07/2025 13/05/2014 كتب
    Dewey Decimal Classification     مكتبة حمزة العامة مكتبة حمزة العامة الأطفال 13/05/2014 1573201   J/F/SAL PLD00301114 28/07/2025 13/05/2014 كتب
    Dewey Decimal Classification     مكتبة عدن للأطفال مكتبة عدن للأطفال الأطفال 13/05/2014 1573202   J/F/SAL PLD00301115 28/07/2025 13/05/2014 كتب
    Dewey Decimal Classification     مكتبة مرج الحمام مكتبة مرج الحمام الأطفال 13/05/2014 1573199   J/F/SAL PLD00301112 28/07/2025 13/05/2014 كتب
    Dewey Decimal Classification     مكتبة وادي السير العامة مكتبة وادي السير العامة الأطفال 13/05/2014 1573200   J/F/SAL PLD00301113 28/07/2025 13/05/2014 كتب
    Dewey Decimal Classification     مكتبةمؤتة مكتبةمؤتة الأطفال 13/05/2014 1573197   J/F/SAL PLD00301110 28/07/2025 13/05/2014 كتب
Implemented & Customized by: BBB with SCIT (Smart Chains for Information Technology)

Powered by Koha